UM Logo

Deviance, risk, and law : (Record no. 24183)

MARC details
000 -LEADER
fixed length control field 00713nam a22001817a 4500
003 - CONTROL NUMBER IDENTIFIER
control field OSt
005 - DATE AND TIME OF LATEST TRANSACTION
control field 20251110132708.0
008 - FIXED-LENGTH DATA ELEMENTS--GENERAL INFORMATION
fixed length control field 251110b |||||||| |||| 00| 0 eng d
040 ## - CATALOGING SOURCE
Transcribing agency 0
082 ## - DEWEY DECIMAL CLASSIFICATION NUMBER
Classification number DPer 364.05 J826 Summer 2011v. 101 n. 3
100 ## - MAIN ENTRY--PERSONAL NAME
Personal name Margulies, Joseph.
Relator term author.
9 (RLIN) 69322
245 ## - TITLE STATEMENT
Title Deviance, risk, and law :
Remainder of title reflections on the demands for the preventive detention of suspected terrorists /
Statement of responsibility, etc. Joseph Margulies.
260 ## - PUBLICATION, DISTRIBUTION, ETC. (IMPRINT)
Place of publication, distribution, etc. Chicago ;
Name of publisher, distributor, etc. Northwestern University ,
Date of publication, distribution, etc. Summer 2011.
300 ## - PHYSICAL DESCRIPTION
Extent Volume 101, pages 729-780 ;
Dimensions 10 cm.
500 ## - GENERAL NOTE
General note The Journal of Criminal Law & Criminology, vol. 1014, no. 3, pages 729-780, Summer 2011.
700 ## - ADDED ENTRY--PERSONAL NAME
Personal name Margulies, Joseph.
9 (RLIN) 21037
942 ## - ADDED ENTRY ELEMENTS (KOHA)
Source of classification or shelving scheme Dewey Decimal Classification
Koha item type Periodicals
Holdings
Withdrawn status Lost status Source of classification or shelving scheme Damaged status Not for loan Collection code Home library Current library Date acquired Total Checkouts Full call number Date last seen Price effective from Koha item type Public note
    Dewey Decimal Classification     Periodicals UM Digos College - LIC UM Digos College - LIC 11/10/2025   DPer 364.05 J826 Summer 2011v. 101 n. 3 11/10/2025 11/10/2025 Periodicals Periodical Article